[Event "DSJ Weihnachtsturnier U16: Steinitz 2020"]
[Site ""]
[Date "2020.12.28"]
[Round "2"]
[White "Gottwald, Patrick"]
[Black "Markovych, Leonid"]
[Result "1-0"]
[Termination "normal"]
[Board "9.2"]
[WhiteElo "1526"]
[BlackElo "1218"]
[WhiteTeam "SG Rochade Kuppenheim 1979"]
[BlackTeam "TuS Makkabi Rostock 3"]
[PlyCount "135"]
[WhiteFideId "34645969"]
[BlackFideId "34618449"]
[EventRounds "7"]
[EventType "team-swiss"]
[EventDate "2020.12.28"]

1. d4 {[%emt 0:00:05]} d5 {[%emt 0:00:12]} 2. c4 {[%emt 0:00:02]} e6 {[%emt
0:00:02]} 3. Nc3 {[%emt 0:00:10]} Nf6 {[%emt 0:00:03]} 4. Nf3 {[%emt 0:00:10]}
b6 {[%emt 0:00:12]} 5. e3 {[%emt 0:00:22]} Be7 {[%emt 0:00:21]} 6. Bd3 {[%emt
0:00:36]} Bb7 {[%emt 0:00:13]} 7. O-O {[%emt 0:00:07]} Nbd7 {[%emt 0:00:06]} 8.
cxd5 {[%emt 0:00:01]} Nxd5 {[%emt 0:00:15]} 9. Bd2 {[%emt 0:01:03]} Nxc3 {
[%emt 0:00:05]} 10. Bxc3 {[%emt 0:00:03]} O-O {[%emt 0:00:04]} 11. Qc2 { [%emt
0:00:07]} h6 {[%emt 0:00:17]} 12. Rac1 {[%emt 0:00:16]} Rc8 {[%emt 0:00:07]}
13. Nd2 {[%emt 0:00:28]} c5 {[%emt 0:00:05]} 14. dxc5 {[%emt 0:00:14]} Nxc5
{[%emt 0:00:11]} 15. Be4 {[%emt 0:00:32]} Nxe4 {[%emt 0:00:13]} 16. Nxe4 {
[%emt 0:00:00]} Qd5 {[%emt 0:00:21]} 17. f3 {[%emt 0:00:52]} Qc6 {[%emt
0:01:22]} 18. Rfd1 {[%emt 0:00:40]} Rfd8 {[%emt 0:01:08]} 19. Qf2 {[%emt
0:00:46]} Bb4 {[%emt 0:01:10]} 20. Qh4 {[%emt 0:00:59]} Rxd1+ {[%emt 0:01:22]}
21. Rxd1 { [%emt 0:00:00]} Bxc3 {[%emt 0:00:04]} 22. Nxc3 {[%emt 0:00:10]} Qc7
{[%emt 0:00:37]} 23. Kf2 {[%emt 0:00:45]} Kf8 {[%emt 0:00:36]} 24. Qb4+ {[%emt
0:00:18]} Qe7 {[%emt 0:00:14]} 25. Qxe7+ {[%emt 0:00:07]} Kxe7 {[%emt 0:00:04]}
26. Rd2 { [%emt 0:00:12]} Rd8 {[%emt 0:00:12]} 27. Rxd8 {[%emt 0:00:17]} Kxd8
{[%emt 0:00:03]} 28. Nb5 {[%emt 0:00:01]} Kd7 {[%emt 0:00:07]} 29. Nxa7 {[%emt
0:00:03]} Bd5 {[%emt 0:00:17]} 30. a3 {[%emt 0:00:09]} Bb3 {[%emt 0:00:09]} 31.
Nb5 { [%emt 0:00:06]} Bc4 {[%emt 0:00:10]} 32. Nd4 {[%emt 0:00:07]} Kd6 {[%emt
0:00:09]} 33. Ke1 {[%emt 0:00:23]} g6 {[%emt 0:00:18]} 34. Kd2 {[%emt 0:00:05]}
e5 { [%emt 0:00:05]} 35. Nc2 {[%emt 0:00:18]} Kc5 {[%emt 0:00:02]} 36. Kc3
{[%emt 0:00:03]} b5 {[%emt 0:00:02]} 37. Nb4 {[%emt 0:00:01]} Kb6 {[%emt
0:00:04]} 38. b3 {[%emt 0:00:03]} Be6 {[%emt 0:00:02]} 39. Nd3 {[%emt 0:00:06]}
Kc6 {[%emt 0:00:02]} 40. Nxe5+ {[%emt 0:00:06]} Kd6 {[%emt 0:00:02]} 41. Nd3
{[%emt 0:00:03] } Kc6 {[%emt 0:00:01]} 42. Nb4+ {[%emt 0:00:06]} Kb6 {[%emt
0:00:01]} 43. Nd3 { [%emt 0:00:01]} Kc6 {[%emt 0:00:01]} 44. b4 {[%emt
0:00:01]} f6 {[%emt 0:00:03] } 45. Kd4 {[%emt 0:00:02]} Kd6 {[%emt 0:00:02]}
46. Nc5 {[%emt 0:00:01]} Bf7 { [%emt 0:00:03]} 47. g3 {[%emt 0:00:05]} Ba2
{[%emt 0:00:02]} 48. Ne4+ {[%emt 0:00:03]} Ke6 {[%emt 0:00:02]} 49. Kc5 {[%emt
0:00:01]} Ke5 {[%emt 0:00:02]} 50. Kxb5 {[%emt 0:00:02]} Bb1 {[%emt 0:00:01]}
51. Kc6 {[%emt 0:00:03]} Bxe4+ { [%emt 0:00:02]} 52. fxe4 {[%emt 0:00:00]} Kxe4
{[%emt 0:00:02]} 53. b5 { [%emt 0:00:01]} Kxe3 {[%emt 0:00:02]} 54. b6 {[%emt
0:00:00]} Kf2 {[%emt 0:00:01]} 55. b7 {[%emt 0:00:00]} Kg2 {[%emt 0:00:01]} 56.
b8=Q {[%emt 0:00:00]} Kxh2 {[%emt 0:00:01]} 57. g4+ {[%emt 0:00:03]} Kh3 {[%emt
0:00:01]} 58. Qf4 { [%emt 0:00:02]} h5 {[%emt 0:00:04]} 59. gxh5 {[%emt
0:00:01]} gxh5 {[%emt 0:00:01]} 60. Qf3+ {[%emt 0:00:02]} Kh4 {[%emt 0:00:02]}
61. Qh1+ {[%emt 0:00:01]} Kg5 {[%emt 0:00:01]} 62. a4 {[%emt 0:00:01]} h4
{[%emt 0:00:02]} 63. a5 { [%emt 0:00:00]} f5 {[%emt 0:00:01]} 64. a6 {[%emt
0:00:00]} f4 {[%emt 0:00:01]} 65. a7 {[%emt 0:00:00]} Kg4 {[%emt 0:00:01]} 66.
a8=Q {[%emt 0:00:01]} h3 { [%emt 0:00:02]} 67. Qg8+ {[%emt 0:00:01]} Kh5 {[%emt
0:00:03]} 68. Qxh3# { [%emt 0:00:02]} 1-0

[Event "DSJ Weihnachtsturnier U16: Steinitz 2020"]
[Site ""]
[Date "2020.12.28"]
[Round "2"]
[White "Mochtak, Maximilian"]
[Black "Wieser, Rouven"]
[Result "0-1"]
[Termination "normal"]
[Board "9.3"]
[WhiteElo "1007"]
[BlackElo "1238"]
[WhiteTeam "TuS Makkabi Rostock 3"]
[BlackTeam "SG Rochade Kuppenheim 1979"]
[PlyCount "54"]
[WhiteFideId "34618562"]
[BlackFideId "34608761"]
[EventRounds "7"]
[EventType "team-swiss"]
[EventDate "2020.12.28"]

1. d4 {[%emt 0:00:13]} d5 {[%emt 0:00:04]} 2. c4 {[%emt 0:00:06]} c6 {[%emt
0:00:03]} 3. Nc3 {[%emt 0:00:07]} Nf6 {[%emt 0:00:04]} 4. Nf3 {[%emt 0:00:02]}
Bg4 {[%emt 0:00:06]} 5. Bf4 {[%emt 0:00:12]} Nbd7 {[%emt 0:00:06]} 6. h3 {
[%emt 0:00:10]} Bxf3 {[%emt 0:00:03]} 7. exf3 {[%emt 0:00:05]} Nb6 {[%emt
0:00:01]} 8. Bd3 {[%emt 0:00:04]} dxc4 {[%emt 0:00:03]} 9. Be2 {[%emt 0:00:18]}
Nfd5 {[%emt 0:00:10]} 10. Nxd5 {[%emt 0:00:18]} Nxd5 {[%emt 0:00:03]} 11. Bd2 {
[%emt 0:00:11]} e6 {[%emt 0:00:07]} 12. Bxc4 {[%emt 0:00:11]} Be7 {[%emt
0:00:11]} 13. O-O {[%emt 0:00:08]} Qc7 {[%emt 0:00:12]} 14. g3 {[%emt 0:00:15]}
O-O-O {[%emt 0:00:36]} 15. Qe1 {[%emt 0:00:24]} Kb8 {[%emt 0:00:07]} 16. Ba5 {
[%emt 0:00:09]} b6 {[%emt 0:00:09]} 17. Bd2 {[%emt 0:00:18]} f5 {[%emt 0:00:10]
} 18. Bxd5 {[%emt 0:00:26]} exd5 {[%emt 0:00:32]} 19. Bf4 {[%emt 0:00:26]} Bd6
{[%emt 0:00:06]} 20. Bg5 {[%emt 0:00:04]} Rde8 {[%emt 0:00:04]} 21. Qb1 { [%emt
0:00:30]} f4 {[%emt 0:00:05]} 22. Bxf4 {[%emt 0:00:38]} Bxf4 {[%emt 0:00:02]}
23. gxf4 {[%emt 0:00:03]} Qxf4 {[%emt 0:00:02]} 24. Qc2 {[%emt 0:00:23]} Re6
{[%emt 0:00:12]} 25. Rae1 {[%emt 0:00:17]} Rg6+ {[%emt 0:00:04]} 26. Kh1 {
[%emt 0:00:10]} Qxf3+ {[%emt 0:00:03]} 27. Kh2 {[%emt 0:00:22]} Qg2# {[%emt
0:00:03]} 0-1

[Event "DSJ Weihnachtsturnier U16: Steinitz 2020"]
[Site ""]
[Date "2020.12.28"]
[Round "2"]
[White "Kraus, Joel"]
[Black "Garde, Edgar Emil"]
[Result "1-0"]
[Termination "normal"]
[Board "9.4"]
[WhiteElo "1291"]
[BlackElo "1019"]
[WhiteTeam "SG Rochade Kuppenheim 1979"]
[BlackTeam "TuS Makkabi Rostock 3"]
[PlyCount "109"]
[BlackFideId "34686355"]
[EventRounds "7"]
[EventType "team-swiss"]
[EventDate "2020.12.28"]

1. e4 {[%emt 0:00:05]} c5 {[%emt 0:00:03]} 2. Nf3 {[%emt 0:00:03]} e6 {[%emt
0:00:02]} 3. d4 {[%emt 0:00:09]} cxd4 {[%emt 0:00:01]} 4. Nxd4 {[%emt 0:00:03]}
a6 {[%emt 0:00:01]} 5. Nc3 {[%emt 0:00:04]} Qc7 {[%emt 0:00:05]} 6. Bd3 { [%emt
0:00:10]} Nc6 {[%emt 0:00:03]} 7. Nce2 {[%emt 0:00:11]} d6 {[%emt 0:00:06]} 8.
O-O {[%emt 0:00:18]} e5 {[%emt 0:00:04]} 9. Nxc6 {[%emt 0:00:06]} Qxc6 {[%emt
0:00:20]} 10. Ng3 {[%emt 0:00:05]} b5 {[%emt 0:00:11]} 11. b3 {[%emt 0:00:21]}
Bb7 {[%emt 0:00:06]} 12. c4 {[%emt 0:00:05]} b4 {[%emt 0:00:13]} 13. Qf3 {[%emt
0:00:07]} Be7 {[%emt 0:00:33]} 14. Be3 {[%emt 0:00:20]} Nf6 { [%emt 0:00:12]}
15. Nf5 {[%emt 0:00:09]} Qd7 {[%emt 0:00:31]} 16. Nxg7+ { [%emt 0:00:14]} Kd8
{[%emt 0:00:16]} 17. Bb6+ {[%emt 0:00:36]} Kc8 {[%emt 0:00:10]} 18. Rac1 {[%emt
0:00:52]} Rg8 {[%emt 0:00:14]} 19. Nf5 {[%emt 0:00:08]} a5 {[%emt 0:00:36]} 20.
Qh3 {[%emt 0:00:38]} h5 {[%emt 0:00:25]} 21. Nxe7+ { [%emt 0:00:14]} Kb8 {[%emt
0:00:24]} 22. Qxd7 {[%emt 0:00:12]} Nxd7 {[%emt 0:00:04]} 23. Nxg8 {[%emt
0:00:04]} Nxb6 {[%emt 0:00:04]} 24. c5 {[%emt 0:00:26]} dxc5 {[%emt 0:00:18]}
25. Rxc5 {[%emt 0:00:03]} Ka7 {[%emt 0:00:10]} 26. Rxa5+ {[%emt 0:00:13]} Kb8
{[%emt 0:00:10]} 27. Rxa8+ {[%emt 0:00:07]} Kxa8 {[%emt 0:00:00]} 28. Rc1
{[%emt 0:00:11]} Ka7 {[%emt 0:00:29]} 29. Nf6 {[%emt 0:00:13]} Kb8 {[%emt
0:00:56]} 30. Nxh5 {[%emt 0:00:07]} Nd7 {[%emt 0:00:06]} 31. Bb5 { [%emt
0:00:09]} Nf8 {[%emt 0:00:09]} 32. Rd1 {[%emt 0:00:08]} Bxe4 {[%emt 0:00:07]}
33. Rd8+ {[%emt 0:00:06]} Kc7 {[%emt 0:00:07]} 34. Rxf8 {[%emt 0:00:07]} Bg6
{[%emt 0:00:03]} 35. Nf6 {[%emt 0:00:07]} Kd6 {[%emt 0:00:05]} 36. Rd8+ { [%emt
0:00:05]} Ke7 {[%emt 0:00:10]} 37. Nd5+ {[%emt 0:00:07]} Kxd8 {[%emt 0:00:04]}
38. Nxb4 {[%emt 0:00:15]} Ke7 {[%emt 0:00:08]} 39. Nc6+ {[%emt 0:00:04] } Ke6
{[%emt 0:00:06]} 40. a4 {[%emt 0:00:03]} f6 {[%emt 0:00:03]} 41. a5 { [%emt
0:00:02]} Be4 {[%emt 0:00:03]} 42. a6 {[%emt 0:00:08]} Kd6 {[%emt 0:00:05]} 43.
a7 {[%emt 0:00:06]} Bxc6 {[%emt 0:00:02]} 44. Bxc6 {[%emt 0:00:01]} Kxc6 {[%emt
0:00:02]} 45. a8=Q+ {[%emt 0:00:02]} Kd6 {[%emt 0:00:02]} 46. Qa6+ {[%emt
0:00:04]} Kd5 {[%emt 0:00:02]} 47. Qxf6 {[%emt 0:00:04]} Kd4 {[%emt 0:00:05]}
48. f4 {[%emt 0:00:04]} Kc3 {[%emt 0:00:07]} 49. Qxe5+ {[%emt 0:00:05]} Kxb3
{[%emt 0:00:00]} 50. f5 {[%emt 0:00:05]} Kc4 {[%emt 0:00:02]} 51. f6 { [%emt
0:00:02]} Kd3 {[%emt 0:00:02]} 52. f7 {[%emt 0:00:01]} Kc4 {[%emt 0:00:03]} 53.
f8=Q {[%emt 0:00:02]} Kd3 {[%emt 0:00:02]} 54. Qf3+ {[%emt 0:00:04]} Kc4 {[%emt
0:00:02]} 55. Qfc3# {[%emt 0:00:03]} 1-0

[Event "DSJ Weihnachtsturnier U16: Steinitz 2020"]
[Site ""]
[Date "2020.12.28"]
[Round "2"]
[White "Burns, Mikala Tristan"]
[Black "Gold, Michael"]
[Result "1/2-1/2"]
[Termination "normal"]
[Board "10.1"]
[WhiteElo "1574"]
[BlackElo "1408"]
[WhiteTeam "SG Grün-Weiß Dresden"]
[BlackTeam "SK Kelheim 1920"]
[PlyCount "152"]
[WhiteFideId "16288459"]
[BlackFideId "34605169"]
[EventRounds "7"]
[EventType "team-swiss"]
[EventDate "2020.12.28"]

1. e4 {[%emt 0:00:07]} c5 {[%emt 0:00:02]} 2. Nf3 {[%emt 0:00:02]} d6 {[%emt
0:00:02]} 3. d4 {[%emt 0:00:01]} cxd4 {[%emt 0:00:01]} 4. Nxd4 {[%emt 0:00:00]}
Nf6 {[%emt 0:00:01]} 5. f3 {[%emt 0:00:02]} Nc6 {[%emt 0:00:04]} 6. c4 { [%emt
0:00:01]} a6 {[%emt 0:00:03]} 7. Nc3 {[%emt 0:00:01]} e5 {[%emt 0:00:06]} 8.
Nc2 {[%emt 0:00:06]} Be6 {[%emt 0:00:03]} 9. Be3 {[%emt 0:00:03]} Be7 { [%emt
0:00:03]} 10. Qd2 {[%emt 0:00:03]} Rc8 {[%emt 0:00:03]} 11. Be2 {[%emt
0:00:03]} O-O {[%emt 0:00:11]} 12. O-O {[%emt 0:00:02]} Na5 {[%emt 0:00:01]}
13. b3 {[%emt 0:00:01]} b5 {[%emt 0:00:24]} 14. cxb5 {[%emt 0:00:11]} axb5 {
[%emt 0:00:02]} 15. Nxb5 {[%emt 0:00:11]} Bxb3 {[%emt 0:00:12]} 16. axb3 {
[%emt 0:00:51]} Nxb3 {[%emt 0:00:02]} 17. Qd3 {[%emt 0:00:05]} Nxa1 {[%emt
0:00:02]} 18. Rxa1 {[%emt 0:00:02]} d5 {[%emt 0:00:11]} 19. exd5 {[%emt
0:00:14]} Nxd5 {[%emt 0:00:03]} 20. Bf2 {[%emt 0:00:04]} Nf4 {[%emt 0:00:04]}
21. Qe4 { [%emt 0:00:18]} f6 {[%emt 0:00:10]} 22. Bc4+ {[%emt 0:00:14]} Kh8
{[%emt 0:00:03]} 23. Ne3 {[%emt 0:00:09]} Bc5 {[%emt 0:00:22]} 24. Rd1 {[%emt
0:00:12]} Qa5 {[%emt 0:00:10]} 25. Bf1 {[%emt 0:00:54]} Rfd8 {[%emt 0:00:48]}
26. Rxd8+ { [%emt 0:00:18]} Rxd8 {[%emt 0:00:06]} 27. Qc4 {[%emt 0:00:15]} Qb6
{[%emt 0:00:17]} 28. Ng4 {[%emt 0:00:22]} Bxf2+ {[%emt 0:00:14]} 29. Nxf2
{[%emt 0:00:01]} Rd2 {[%emt 0:00:11]} 30. Qc8+ {[%emt 0:00:31]} Rd8 {[%emt
0:00:04]} 31. Qc7 { [%emt 0:00:29]} Qxc7 {[%emt 0:00:10]} 32. Nxc7 {[%emt
0:00:00]} Rc8 {[%emt 0:00:01]} 33. Nb5 {[%emt 0:00:10]} Rc1 {[%emt 0:00:09]}
34. g3 {[%emt 0:00:08]} Nd5 {[%emt 0:00:06]} 35. Nd3 {[%emt 0:00:35]} Rb1
{[%emt 0:00:03]} 36. Na3 { [%emt 0:00:16]} Ra1 {[%emt 0:00:04]} 37. Nc2 {[%emt
0:00:05]} Ra2 {[%emt 0:00:20]} 38. Ncb4 {[%emt 0:00:04]} Nxb4 {[%emt 0:00:06]}
39. Nxb4 {[%emt 0:00:00]} Rb2 {[%emt 0:00:09]} 40. Nd3 {[%emt 0:00:03]} Ra2
{[%emt 0:00:04]} 41. Nf2 { [%emt 0:00:07]} h5 {[%emt 0:00:09]} 42. Ne4 {[%emt
0:00:07]} Kh7 {[%emt 0:00:05]} 43. Bd3 {[%emt 0:00:08]} Kh6 {[%emt 0:00:23]}
44. Nf2 {[%emt 0:00:09]} g6 {[%emt 0:00:09]} 45. Kg2 {[%emt 0:00:05]} f5 {[%emt
0:00:04]} 46. Bc4 {[%emt 0:00:11]} Rc2 {[%emt 0:00:05]} 47. Bd3 {[%emt
0:00:01]} Rd2 {[%emt 0:00:06]} 48. Kf1 {[%emt 0:00:04]} Kg5 {[%emt 0:00:09]}
49. Ke1 {[%emt 0:00:01]} Ra2 { [%emt 0:00:04]} 50. Kf1 {[%emt 0:00:25]} f4
{[%emt 0:00:12]} 51. Nh3+ {[%emt 0:00:04]} Kf6 {[%emt 0:00:06]} 52. gxf4 {[%emt
0:00:12]} exf4 {[%emt 0:00:19]} 53. Nxf4 {[%emt 0:00:02]} Rxh2 {[%emt 0:00:04]}
54. Nxg6 {[%emt 0:00:05]} Kg5 { [%emt 0:00:10]} 55. f4+ {[%emt 0:00:15]} Kg4
{[%emt 0:00:07]} 56. Kg1 {[%emt 0:00:13]} Kg3 {[%emt 0:00:04]} 57. f5 {[%emt
0:00:10]} Rd2 {[%emt 0:00:10]} 58. Bf1 {[%emt 0:00:09]} h4 {[%emt 0:00:07]} 59.
f6 {[%emt 0:00:10]} Rf2 {[%emt 0:00:10]} 60. Nxh4 {[%emt 0:00:50]} Rxf6 {[%emt
0:00:04]} 61. Ng2 {[%emt 0:00:04] } Rh6 {[%emt 0:00:17]} 62. Ne3 {[%emt
0:00:06]} Re6 {[%emt 0:00:24]} 63. Nf5+ { [%emt 0:00:05]} Kf4 {[%emt 0:00:04]}
64. Nd4 {[%emt 0:00:01]} Rd6 {[%emt 0:00:04]} 65. Ne2+ {[%emt 0:00:02]} Kf3
{[%emt 0:00:04]} 66. Nc3 {[%emt 0:00:03]} Rd2 {[%emt 0:00:10]} 67. Ne2 {[%emt
0:00:21]} Rd8 {[%emt 0:00:11]} 68. Nc3 { [%emt 0:00:06]} Rg8+ {[%emt 0:00:10]}
69. Kh2 {[%emt 0:00:08]} Kf2 {[%emt 0:00:06]} 70. Bh3 {[%emt 0:00:02]} Rh8
{[%emt 0:00:13]} 71. Ne4+ {[%emt 0:00:01]} Kf3 {[%emt 0:00:04]} 72. Ng5+ {[%emt
0:00:01]} Kf4 {[%emt 0:00:06]} 73. Ne6+ { [%emt 0:00:01]} Ke5 {[%emt 0:00:03]}
74. Ng5 {[%emt 0:00:02]} Rh5 {[%emt 0:00:05]} 75. Nf3+ {[%emt 0:00:03]} Kf4
{[%emt 0:00:07]} 76. Nd2 {[%emt 0:00:05] Kelheim3-001 offers a draw} Rd5 {[%emt
0:00:13]} 1/2-1/2

[Event "DSJ Weihnachtsturnier U16: Steinitz 2020"]
[Site ""]
[Date "2020.12.28"]
[Round "2"]
[White "Bangsa, Pandu"]
[Black "Seymer, Adam"]
[Result "0-1"]
[Termination "normal"]
[Board "10.2"]
[WhiteElo "1457"]
[BlackElo "1249"]
[WhiteTeam "SK Kelheim 1920"]
[BlackTeam "SG Grün-Weiß Dresden"]
[PlyCount "62"]
[WhiteFideId "16297873"]
[BlackFideId "34651802"]
[EventRounds "7"]
[EventType "team-swiss"]
[EventDate "2020.12.28"]

1. e4 {[%emt 0:00:06]} e5 {[%emt 0:00:07]} 2. Nf3 {[%emt 0:00:05]} Nf6 { [%emt
0:00:06]} 3. Nc3 {[%emt 0:00:05]} Nc6 {[%emt 0:00:05]} 4. Bc4 {[%emt 0:00:03]}
Bc5 {[%emt 0:00:04]} 5. d3 {[%emt 0:00:02]} d6 {[%emt 0:00:08]} 6. O-O {[%emt
0:00:07]} O-O {[%emt 0:00:03]} 7. Re1 {[%emt 0:00:00]} Be6 {[%emt 0:00:09]} 8.
Bb3 {[%emt 0:00:22]} Re8 {[%emt 0:00:33]} 9. Be3 {[%emt 0:00:27]} Bxe3 {[%emt
0:00:24]} 10. Rxe3 {[%emt 0:00:00]} d5 {[%emt 0:00:18]} 11. Nd2 { [%emt
0:00:13]} d4 {[%emt 0:00:15]} 12. Bxe6 {[%emt 0:00:02]} Rxe6 {[%emt 0:00:09]}
13. Rg3 {[%emt 0:00:16]} dxc3 {[%emt 0:00:09]} 14. bxc3 {[%emt 0:00:00]} Qd6
{[%emt 0:00:17]} 15. Nc4 {[%emt 0:00:28]} Qd7 {[%emt 0:00:12]} 16. Qf3 { [%emt
0:00:03]} Kh8 {[%emt 0:00:09]} 17. Ne3 {[%emt 0:00:13]} Ne7 {[%emt 0:00:23]}
18. Nf5 {[%emt 0:00:09]} Nxf5 {[%emt 0:00:03]} 19. Qxf5 {[%emt 0:00:00]} Rc6
{[%emt 0:00:24]} 20. Qxe5 {[%emt 0:00:09]} Re8 {[%emt 0:00:07]} 21. Qa5 { [%emt
0:00:10]} a6 {[%emt 0:00:12]} 22. Qg5 {[%emt 0:00:03]} Rg8 {[%emt 0:00:07]} 23.
c4 {[%emt 0:00:24]} Qd4 {[%emt 0:00:09]} 24. Qc1 {[%emt 0:00:20]} Qd6 {[%emt
0:00:32]} 25. f3 {[%emt 0:00:22]} Qd4+ {[%emt 0:00:04]} 26. Kh1 { [%emt
0:00:07]} Rc5 {[%emt 0:00:09]} 27. Rb1 {[%emt 0:00:02]} b6 {[%emt 0:00:02]} 28.
Qa3 {[%emt 0:00:11]} a5 {[%emt 0:00:03]} 29. c3 {[%emt 0:00:07]} Qxd3 {[%emt
0:00:02]} 30. f4 {[%emt 0:00:05]} Qxb1+ {[%emt 0:00:06]} 31. Qc1 { [%emt
0:00:00]} Qxc1# {[%emt 0:00:02]} 0-1

[Event "DSJ Weihnachtsturnier U16: Steinitz 2020"]
[Site ""]
[Date "2020.12.28"]
[Round "2"]
[White "Aschenbach, Gustav"]
[Black "Eisenschink, Fabian"]
[Result "1-0"]
[Termination "normal"]
[Board "10.3"]
[WhiteElo "1370"]
[BlackElo "795"]
[WhiteTeam "SG Grün-Weiß Dresden"]
[BlackTeam "SK Kelheim 1920"]
[PlyCount "67"]
[EventRounds "7"]
[EventType "team-swiss"]
[EventDate "2020.12.28"]

1. d4 {[%emt 0:00:13]} d5 {[%emt 0:00:03]} 2. c4 {[%emt 0:00:02] Kelheim3-003
reconnected.} dxc4 {[%emt 0:00:16]} 3. Nc3 {[%emt 0:00:03]} Nf6 {[%emt 0:00:05]
} 4. Nf3 {[%emt 0:00:02]} Bg4 {[%emt 0:00:06]} 5. Bf4 {[%emt 0:00:15]} e6 {
[%emt 0:00:30]} 6. e3 {[%emt 0:00:06]} Nc6 {[%emt 0:00:09]} 7. Bxc4 {[%emt
0:00:07]} Bb4 {[%emt 0:00:06]} 8. Rc1 {[%emt 0:00:14]} O-O {[%emt 0:00:10]} 9.
O-O {[%emt 0:00:02] Dresden1-003 reconnected.} Qe7 {[%emt 0:00:55]} 10. a3 {
[%emt 0:00:28] Kelheim3-003 reconnected.} Ba5 {[%emt 0:02:40]} 11. b4 {[%emt
0:00:10]} Bb6 {[%emt 0:00:02]} 12. Qb3 {[%emt 0:00:50]} Rfd8 {[%emt 0:00:22]}
13. Rfd1 {[%emt 0:00:12]} Bxf3 {[%emt 0:00:04]} 14. gxf3 {[%emt 0:00:04]} Nh5 {
[%emt 0:00:13]} 15. Bg3 {[%emt 0:00:40]} Qf6 {[%emt 0:00:45]} 16. Be2 {[%emt
0:00:28]} Rd7 {[%emt 0:01:11]} 17. Na4 {[%emt 0:00:53]} Rad8 {[%emt 0:00:22]
Dresden1-003 reconnected.} 18. Nc5 {[%emt 0:01:12]} Bxc5 {[%emt 0:00:13]} 19.
Rxc5 {[%emt 0:00:04]} Nxg3 {[%emt 0:00:09]} 20. fxg3 {[%emt 0:00:04]} b6 {
[%emt 0:00:04]} 21. Rxc6 {[%emt 0:00:09]} e5 {[%emt 0:00:32] Dresden1-003
reconnected.} 22. Rxf6 {[%emt 0:00:14] Dresden1-003 reconnected.} gxf6 { [%emt
0:00:04] Dresden1-003 reconnected.} 23. dxe5 {[%emt 0:01:39]} fxe5 { [%emt
0:00:05]} 24. Rxd7 {[%emt 0:00:03]} Rxd7 {[%emt 0:00:01]} 25. Bb5 { [%emt
0:00:08]} Rd8 {[%emt 0:00:18] Dresden1-003 reconnected.} 26. Qc3 { [%emt
0:00:34]} Rd1+ {[%emt 0:00:06]} 27. Kg2 {[%emt 0:00:02]} Rd5 {[%emt 0:00:09]}
28. Bc4 {[%emt 0:00:04]} Rd7 {[%emt 0:00:08] Dresden1-003 reconnected.} 29.
Qxe5 {[%emt 0:01:02]} Rd2+ {[%emt 0:00:05]} 30. Kh3 {[%emt 0:00:01]} Rc2 {
[%emt 0:00:16]} 31. Qe8+ {[%emt 0:00:04]} Kg7 {[%emt 0:00:05]} 32. Qxf7+ {
[%emt 0:00:02]} Kh6 {[%emt 0:00:08]} 33. Qf6+ {[%emt 0:00:03]} Kh5 {[%emt
0:00:03]} 34. Bf7# {[%emt 0:00:02]} 1-0

[Event "DSJ Weihnachtsturnier U16: Steinitz 2020"]
[Site ""]
[Date "2020.12.28"]
[Round "2"]
[White "Usik, Maxim"]
[Black "Bachmann, Francesco"]
[Result "0-1"]
[Termination "normal"]
[Board "10.4"]
[WhiteElo "1467"]
[BlackElo "1021"]
[WhiteTeam "SK Kelheim 1920"]
[BlackTeam "SG Grün-Weiß Dresden"]
[PlyCount "64"]
[WhiteFideId "16222075"]
[EventRounds "7"]
[EventType "team-swiss"]
[EventDate "2020.12.28"]

1. d4 {[%emt 0:00:01]} d5 {[%emt 0:00:11]} 2. Nc3 {[%emt 0:00:10]} Nf6 { [%emt
0:00:07]} 3. Nf3 {[%emt 0:00:12]} e6 {[%emt 0:00:12]} 4. Bg5 {[%emt 0:00:10]}
Bb4 {[%emt 0:00:16]} 5. e3 {[%emt 0:00:10]} Nbd7 {[%emt 0:00:08]} 6. Bd3 {
[%emt 0:00:10]} c5 {[%emt 0:00:15]} 7. O-O {[%emt 0:00:19]} c4 {[%emt 0:00:10]}
8. Be2 {[%emt 0:00:04]} h6 {[%emt 0:00:11]} 9. Bh4 {[%emt 0:00:03]} Bxc3 {
[%emt 0:00:10]} 10. bxc3 {[%emt 0:00:03]} Qa5 {[%emt 0:00:13]} 11. Qd2 { [%emt
0:00:16]} Ne4 {[%emt 0:00:10]} 12. Qe1 {[%emt 0:00:12]} Qxc3 {[%emt 0:00:12]}
13. Qd1 {[%emt 0:00:32]} b5 {[%emt 0:00:15]} 14. Ne5 {[%emt 0:00:38]} Nxe5
{[%emt 0:00:11]} 15. dxe5 {[%emt 0:00:13]} a5 {[%emt 0:00:28]} 16. Bf3 { [%emt
0:00:06]} Nd2 {[%emt 0:00:27]} 17. Re1 {[%emt 0:00:08]} Nxf3+ {[%emt 0:00:11]}
18. Qxf3 {[%emt 0:00:03]} Qxc2 {[%emt 0:00:21]} 19. Qg3 {[%emt 0:00:23] } g5
{[%emt 0:00:10]} 20. Bxg5 {[%emt 0:00:09]} hxg5 {[%emt 0:00:07]} 21. Qxg5
{[%emt 0:00:00]} Qh7 {[%emt 0:00:13]} 22. h3 {[%emt 0:00:06]} Rg8 {[%emt
0:00:09]} 23. Qf4 {[%emt 0:00:06]} Qxh3 {[%emt 0:00:14]} 24. Qh2 {[%emt
0:00:04]} Qxh2+ {[%emt 0:00:28]} 25. Kxh2 {[%emt 0:00:03]} b4 {[%emt 0:00:15]}
26. Reb1 { [%emt 0:00:19]} Ke7 {[%emt 0:00:11]} 27. f4 {[%emt 0:00:09]} Bb7
{[%emt 0:00:14]} 28. g3 {[%emt 0:00:05]} d4 {[%emt 0:00:18]} 29. exd4 {[%emt
0:00:05]} Rh8+ {[%emt 0:00:11]} 30. Kg1 {[%emt 0:00:03]} Rag8 {[%emt 0:00:12]}
31. Kf2 { [%emt 0:00:04]} Rh2+ {[%emt 0:00:12]} 32. Ke3 {[%emt 0:00:03]} Rxg3#
{[%emt 0:00:16]} 0-1